Paroles du générique de Spectacular Spider-Man - Statistiques

Statistiques générales
  • Ce quiz a été pris 23 fois
  • Le résultat moyen est 12 sur 32
Statistiques - réponses
Hint Réponse % Correct
Linving on the edge
84%
Ah, ah, ah, ah, ah
63%
Ah, ah, ah ah, ah
63%
Ah, ah, ah ah, ah
63%
Ah, ah, ah ah, ah
63%
Ah, ah, ah ah, ah
63%
Ah, ah, ah, ah, ah, ah
47%
Ah, ah, ah ah, ah, ah
47%
Ah, ah, ah ah, ah, ah
47%
Spectacular, Spectacular Spider-Man
42%
Spectacular, Spectacular Spider-Man
42%
Spectacular, Spectacular Spider-Man
42%
Spectacular, Spectacular Spider-Man
42%
Spectacular, Spectacular Spider-Man
42%
Spectacular, Spectacular Spider-Man
42%
Spectacular, Spectacular Spider-Man
42%
Spectacular, Spectacular Spider-Man
42%
Fighting crime, spinning webs
37%
And the city's victimized
37%
Looking up with no surprise
32%
Swinging from the highest ledge
32%
Villains on the rise
32%
He can leap above our heads
26%
Arriving in the speed of time
21%
Crawling through the night
21%
Bringing justice to us all
21%
Racing up and down the walls
16%
See the headlights every time
16%
Facing evil in his might
16%
He's a hero in our eyes
16%
Making villains fall
16%
Webbing rivals to a halt
11%
Aucun quiz correspondant
Distribution des résultats
% des personnes avec chaque résultat
Percentile par nombre de réponses
Votre historique - résultats
Vous n’avez pas pris ce quiz